Principles of environmental science inquiry and applications

Gespeichert in:
Bibliographische Detailangaben
1. Verfasser: CUNNINGHAM, William P.
Format: Buch
Sprache:Englisch
Veröffentlicht: McGraw-Hill, 2004
Tags: Tag hinzufügen
Keine Tags, Fügen Sie den ersten Tag hinzu!

MARC

LEADER 00000nam a22000007a 4500
008 201218b ||||| |||| 00| 0 eng d
020 |a : 0-07-250931-7 
100 |a CUNNINGHAM, William P. 
245 |a Principles of environmental science  |b inquiry and applications  |c William P. Cunningham, Mary Ann Cunningham  
250 |b  2nd ed 
260 |b McGraw-Hill,   |c 2004  |d Books  |h New York  |i 687238   |l GE105 .C91  |m Environmental sciences 
500 |a “It include index”. 
942 |a lcc  |c BK  |e Adekanye I. H.  |f 18/12/2020 
952 |0 0  |1 0  |2 lcc  |4 0  |6 GE0105 C91  |7 0  |9 832  |a HOL  |b HOL  |c GJ  |d 2020-12-18  |l 0  |o GE105 .C91  |p 2020-230048  |r 2020-12-18 00:00:00  |w 2020-12-18  |y BK 
999 |c 467  |d 467